Statistics for Maine Basketball: Top 10 All-Time Leaders

Click here to take the quiz!

General Stats

  • This quiz has been taken 3 times
    (0 since last reset)
  • The average score is 0 of 94

Answer Stats

Category#PlayerAmount% Correct
Blocks9Alasdair Fraser104
0%
Rebounds2Allen Ledbetter1,017
0%
Field Goal Percent4Allen Ledbetter51.6%
0%
Points9Andrew Fleming1,414
0%
Rebounds9Andrew Fleming728
0%
GamesT4Andrew Fleming117
0%
Field Goal Percent9Andrew Fleming46.2%
0%
GamesT7Andrew Rogers116
0%
Points Per Game10Andy Bedard14.8
0%
Assists5Andy Bedard374
0%
Points Per Game3Bob Warner18.3
0%
Rebounds1Bob Warner1,304
0%
Points2Bob Warner1,758
0%
Field Goal Percent3Bob Warner51.7%
0%
Points6Casey Arena1,531
0%
Three Pointers Made7Casey Arena150
0%
Assists2Casey Arena574
0%
Steals2Casey Arena226
0%
GamesT10Colin Haynes115
0%
Steals4Deonte Hursey198
0%
GamesT4Deonte Hursey117
0%
Assists3Deonte Hursey446
0%
Steals10Derrick Hodge156
0%
Blocks5Ed Jones130
0%
Assists9Eric Dobson325
0%
Rebounds5Francois Bouchard792
0%
Points5Francois Bouchard1,541
0%
Field Goal Percent5Francois Bouchard50.4%
0%
GamesT10Freddy Petkus115
0%
Three Pointers Made1Gerald McLemore323
0%
GamesT7Gerald McLemore116
0%
Points3Gerald McLemore1,657
0%
Blocks7Guy Gomis108
0%
Rebounds10Guy Strang727
0%
Three Pointers Made9Huggy Dye141
0%
Three Pointers Made10Ja'shonte Wright-McLeish130
0%
Games1Ja'shonte Wright-McLeish129
0%
Field Goal Percent2Jeff Cross52.4%
0%
Blocks2Jeff Cross205
0%
Rebounds3Jeff Cross894
0%
Points10Jeff Cross1,337
0%
Assists4Jeff Sturgeon427
0%
Field Goal Percent10Jeff Wheeler45.2%
0%
Steals7Jim Boylen176
0%
Assists6Jim Boylen370
0%
Points Per Game1Jim Stephenson22.7
0%
Points8Jim Stephenson1,518
0%
Points Per Game6John Gillette17.3
0%
Three Pointers Made6John Gordon157
0%
Three Pointers Made8Jon Sheets145
0%
Steals9Junior Bernal167
0%
GamesT10Junior Bernal115
0%
Assists7Junior Bernal358
0%
Points Per Game8Justin Edwards15.3
0%
Blocks1Justin Rowe226
0%
Steals8Kellen Tynes168
0%
GamesT10Ken Barnes115
0%
Field Goal Percent1Kevin Nelson54.5%
0%
Rebounds7Kevin Nelson754
0%
Games2Kevin Reed119
0%
Steals3Kevin Reed225
0%
Points4Kevin Reed1,601
0%
Three Pointers Made2Kevin Reed311
0%
Rebounds8Kevin Reed732
0%
Blocks10Mark Flavin99
0%
Three Pointers Made5Mark Socoby166
0%
Assists1Marty Higgins619
0%
Steals1Marty Higgins243
0%
GamesT7Marty Higgins116
0%
Assists8Matt Rosignol328
0%
Three Pointers Made4Matt Rossignol167
0%
Blocks4Mike Allison134
0%
Points Per Game5Nate Fox17.9
0%
Rebounds6Nick Susi756
0%
Blocks3Olli Ahvenniemi146
0%
Points Per Game4Peter Gavett18.0
0%
Field Goal Percent6Peter Gavett50.0%
0%
Steals5Ramone Jones186
0%
GamesT10Ramone Jones115
0%
Field Goal Percent7Roger Lapham47.8%
0%
Points Per Game9Roger Lapham15.2
0%
Points7Roger Lapham1,523
0%
Points1Rufus Harris2,209
0%
Points Per Game2Rufus Harris21.4
0%
Field Goal Percent8Rufus Harris47.4%
0%
Assists10Rufus Harris305
0%
Rebounds4Rufus Harris806
0%
Games3Sean McNally118
0%
Blocks6Sean McNally110
0%
Steals6Shaun Lawton183
0%
Blocks8Stephane Ingo105
0%
Points Per Game7Terry Carr16.0
0%
GamesT4Till Gloger117
0%
Three Pointers Made3Zarko Valjarevic182
0%

Score Distribution

Percentile by Number Answered

Percent of People with Each Score

Your Score History

You have not taken this quiz since the last reset